000 00342nam a2200133Ia 4500
008 151001s9999||||xx |||||||||||||| ||und||
100 _a आनंदहरी
245 _aपाउलखुणा
250 _a2
260 _b"अरिहत प्रकाशन ,पुणे"
260 _c2013
300 _a192
365 _b21
999 _c1001132
_d1001129